Aplicación del escaneo láser para el modelado BIM de la tramoya del Teatro Nacional de Costa Rica
Guardado en:
| Hovedforfatter: | |
|---|---|
| Andre forfattere: | |
| Format: | Bog |
| Sprog: | Spanish |
| Udgivet: |
[San José], Costa Rica
2021
|
| Fag: | |
| Tags: |
Tilføj Tag
Ingen Tags, Vær først til at tagge denne postø!
|
MARC
| LEADER | 00000nam a2200000Ia 4500 | ||
|---|---|---|---|
| 003 | 013377 | ||
| 005 | 20230328102505.0 | ||
| 008 | 140116s2021 cr a 000 ||spa d | ||
| 040 | |c cru CEDI | ||
| 100 | |a Murillo Hidalgo, Carolina María, 1993- |9 114 | ||
| 245 | |a Aplicación del escaneo láser para el modelado BIM de la tramoya del Teatro Nacional de Costa Rica | ||
| 260 | |a [San José], Costa Rica |c 2021 | ||
| 500 | |a Proyecto de graduación (licenciatura en ingeniería civil)--Universidad de Costa Rica. Facultad de Ingeniería. Escuela de Ingeniería Civil | ||
| 501 | |a Director de Proyecto de Graduación: Ing. Robert Anglin Fonseca, M.Sc. | ||
| 610 | |x TEATRO NACIONAL (COSTA RICA) | ||
| 650 | |x SISTEMAS DE REPRESENTACION TRIDIMENSIONAL |x MODELADO DE INFORMACION DE CONSTRUCCION |x PATRIMONIO ARQUITECTONICO |x PATRIMONIO CULTURAL | ||
| 700 | |9 89 |a Anglin Fonseca, Robert Anthony, 1967- |d Director del TFG | ||
| 942 | |c CEDI |h TFG 8528 |6 TFG_8528_000000000000000 | ||
| 999 | |c 21879 |d 21879 | ||
